Picasso
Gardado en:
| Autor Principal: | |
|---|---|
| Formato: | Libro |
| Idioma: | Lingua castelá |
| Publicado: |
Madrid
Ediciones Daimon
1967
|
| Edición: | 1a. ed |
| Series: | Pequeñas Monografías
|
| Subjects: | |
| Tags: |
Engadir etiqueta
Sen Etiquetas, Sexa o primeiro en etiquetar este rexistro!
|
MARC
| LEADER | 00000cam a2200000 a 4500 | ||
|---|---|---|---|
| 001 | UCE2921 | ||
| 003 | CL-VaPUC | ||
| 008 | 140731e19670000sp |||||||||||||||||spa|d | ||
| 082 | 0 | 4 | |a 759.06 |b CHE |2 21 |
| 100 | 0 | |a Chevalier, Denys |e author |9 575446 | |
| 245 | 1 | 0 | |a Picasso |
| 250 | |a 1a. ed | ||
| 300 | |a 46 p | ||
| 942 | |c BK | ||
| 945 | |d 20140731 15:45:00 |a dcastane | ||
| 260 | |a Madrid |b Ediciones Daimon |c 1967 | ||
| 600 | 0 | 7 | |a PICASSO, PABLO |2 CL-VaPUC |9 265273 |
| 650 | 0 | |a Pintores españoles |9 315216 | |
| 650 | 0 | |a Pintura española |9 315217 | |
| 650 | 0 | |a Surrealismo |9 265502 | |
| 650 | 0 | |a Cubismo |9 265275 | |
| 583 | |a last modification |c 20140731 15:45:00 |k Rodrigo Vera | ||
| 490 | 0 | |a Pequeñas Monografías | |
| 999 | |c 356440 |d 356438 | ||
| 952 | |0 0 |1 0 |3 erd |4 0 |6 759_060000000000000_CHE_1967 |7 0 |8 A |9 463782 |a BIBART |b BIBART |i 5048931 |o 759.06 CHE 1967 |p 5048931 |r 2025-03-13 |w 2019-11-23 |y BK |z Catalogado en:20140731 |k ART | ||